000 00476nam a2200145Ia 4500
008 230917s9999||||xx |||||||||||||| ||und||
040 _e175044
_aMAIN
041 _aEnglish
082 _a820.3 A81A
100 _aअग्रवाल, दामोदर
245 0 _aअंग्रजी साहित्य कोष
260 _aदिल्ली
_bभारतीय ज्ञानपीठ प्रकाशन
_c1972
300 _a375 पृ. p.
942 _cHN
999 _c129843
_d129843